现有专名得名于1960年及以后的地级行政区 - Statistics

General Stats
  • This quiz has been taken 22 times
  • The average score is 13 of 17
Answer Stats
得名年份 省级行政区 地级行政区 % Correct
1960 西藏自治区 那曲市
95%
1964 贵州省 六盘水市
90%
1978 青海省 海东市
85%
1982 贵州省 黔西南布依族苗族自治州
85%
1961 江苏省 连云港市
80%
1964 黑龙江省 大兴安岭地区
80%
1971 山西省 吕梁市
80%
1972 广西壮族自治区 防城港市
80%
1992 吉林省 松原市
80%
1994 吉林省 白山市
80%
1983 安徽省 黄山市
75%
1975 内蒙古自治区 乌海市
70%
2012 海南省 三沙市
70%
1965 辽宁省 丹东市
65%
1971 安徽省 淮北市
65%
1988 广西壮族自治区 贵港市
55%
1985 甘肃省 陇南市
50%
No matching quizzes found
Score Distribution
Percent of People with Each Score
Percentile by Number Answered
Your Score History
You have not taken this quiz